Влияние ванадия и углерода на теплостойкость литых закалённых сплавов; Современные техника и технологии; Т. 2

書目詳細資料
Parent link:Современные техника и технологии: 13-я Международная научно-практическая конференция студентов, аспирантов и молодых ученых, г. Томск, 26-30 марта 2007 г./ Томский политехнический университет (ТПУ).— , 2007
Т. 2.— 2007.— С. 251-253
主要作者: Шихова Т. М.
其他作者: Климова Е. А., Трибунская А. И.
語言:俄语
出版: 2007
主題:
格式: MixedMaterials Book Chapter
KOHA link:https://koha.lib.tpu.ru/cgi-bin/koha/opac-detail.pl?biblionumber=221258

MARC

LEADER 00000n a2a2200000 4500
001 221258
005 20231031195626.0
035 |a (RuTPU)RU\TPU\book\241406 
090 |a 221258 
100 |a 20120908d2007 k y0rusy50 ca 
101 0 |a rus 
102 |a RU 
200 1 |a Влияние ванадия и углерода на теплостойкость литых закалённых сплавов  |f Т. М. Шихова, Е. А. Климова, А. И. Трибунская 
320 |a Библиогр.: 3 назв. 
461 0 |0 (RuTPU)RU\TPU\book\136926  |t Современные техника и технологии  |o 13-я Международная научно-практическая конференция студентов, аспирантов и молодых ученых, г. Томск, 26-30 марта 2007 г.  |o труды в 3 т.  |f Томский политехнический университет (ТПУ)  |d 2007 
463 0 |0 (RuTPU)RU\TPU\book\168909  |t Т. 2  |v С. 251-253  |d 2007  |p 492 с. 
610 1 |a сплавы 
610 1 |a теплостойкость 
610 1 |a ванадий 
610 1 |a углерод 
610 1 |a конструкционные материалы 
610 1 |a пластмассы 
610 1 |a труды учёных ТПУ 
700 1 |a Шихова  |b Т. М. 
701 1 |a Климова  |b Е. А. 
701 1 |a Трибунская  |b А. И. 
801 1 |a RU  |b 63413507  |c 20120908 
942 |c BK